Influence of race/ethnicity and alcohol use on high blood pressure and diabetes

Saved in:  
Bibliographic Details
Authors: Marshall, Vanessa (Author) ; Hallam, Jeffrey S. (Author) ; Neal-Barnett, Angela (Author) ; Grey, Scott (Author)
Format: Electronic Article
Language:English
Published: American Public Health Association 2014
In:Enthalten in: 142nd APHA Annual Meeting and Expo
Online Access: Volltext (lizenzpflichtig)
Check availability: HBZ Gateway
Keywords:

MARC

LEADER 00000caa a22000002c 4500
001 1912591162
003 DE-627
005 20250116055020.0
007 cr uuu---uuuuu
008 241217s2014 xx |||||o 00| ||eng c
035 |a (DE-627)1912591162 
035 |a (DE-599)KXP1912591162 
040 |a DE-627  |b ger  |c DE-627  |e rda 
041 |a eng 
084 |a 2,1  |2 ssgn 
100 1 |a Marshall, Vanessa  |e VerfasserIn  |4 aut 
245 1 0 |a Influence of race/ethnicity and alcohol use on high blood pressure and diabetes 
264 1 |b American Public Health Association  |c 2014 
336 |a Text  |b txt  |2 rdacontent 
337 |a Computermedien  |b c  |2 rdamedia 
338 |a Online-Ressource  |b cr  |2 rdacarrier 
655 4 |a Konferenzschrift ; 2014 ; New Orleans, LA 
700 1 |a Hallam, Jeffrey S.  |e VerfasserIn  |4 aut 
700 1 |a Neal-Barnett, Angela  |e VerfasserIn  |4 aut 
700 1 |a Grey, Scott  |e VerfasserIn  |0 (DE-588)134697286  |0 (DE-627)692555560  |0 (DE-576)300454651  |4 aut 
773 0 8 |i Enthalten in  |t 142nd APHA Annual Meeting and Expo 
787 0 8 |i Forschungsdaten  |a United States Department of Health and Human Services. Substance Abuse and Mental Health Services Administration. Center for Behavioral Health Statistics and Quality  |t National Survey on Drug Use and Health, 2011  |d [Erscheinungsort nicht ermittelbar] : [Verlag nicht ermittelbar], 2012  |w (DE-627)1840045213 
856 4 0 |u https://apha.confex.com/apha/142am/webprogram/Paper312822.html  |x Verlag  |z lizenzpflichtig  |3 Volltext  |7 1 
935 |a mkri 
951 |a AR 
ELC |a 1 
LOK |0 000 xxxxxcx a22 zn 4500 
LOK |0 001 463755666X 
LOK |0 003 DE-627 
LOK |0 004 1912591162 
LOK |0 005 20241217044610 
LOK |0 008 241217||||||||||||||||ger||||||| 
LOK |0 035   |a (DE-2619)ICPSR117014 
LOK |0 040   |a DE-2619  |c DE-627  |d DE-2619 
LOK |0 092   |o n 
LOK |0 852   |a DE-2619 
LOK |0 852 1  |9 00 
LOK |0 935   |a uvkn  |a nacp 
LOK |0 939   |a 17-12-24  |b l01 
ORI |a SA-MARC-krimdoka001.raw